[Event "Lyon op"]
[Site "Lyon"]
[Date "2005.04.16"]
[Round "1"]
[White "Horvath, Jozsef"]
[Black "Mercier, Pascal"]
[Result "1-0"]
[WhiteElo "2513"]
[BlackElo "1781"]
[PlyCount "31"]
[EventDate "2005.04.16"]
[EventType "swiss"]
[EventRounds "9"]
[EventCountry "FRA"]
[SourceTitle "CBM 105 Extra"]
[Source "ChessBase"]
[SourceDate "2005.05.01"]
[SourceVersion "1"]
[SourceVersionDate "2005.05.01"]
[SourceQuality "1"]

1. c4 e6 2. Nf3 d5 3. b3 Nf6 4. g3 Be7 5. Bg2 Nbd7 6. 0-0 Rb8 7. Nc3 c6 8. Bb2 0-0 9. Rc1 dxc4 10. bxc4 Qa5 11. d3 Rd8 12. Qc2 c5 13. Rb1 b6 14. Nb5 Qa6 15. Ne5 Nf8 16. Nc6 1-0

[Event "Morbihan-ch 0304"]
[Site "Morbihan"]
[Date "2003.11.08"]
[Round "2"]
[White "Cougoulic, Alexandre"]
[Black "Mercier, Pascal"]
[Result "1-0"]
[WhiteElo "1650"]
[BlackElo "1340"]
[PlyCount "70"]
[EventDate "2003.10.??"]
[EventType "swiss"]
[EventRounds "7"]
[EventCountry "FRA"]
[SourceTitle "EXT 2005"]
[Source "ChessBase"]
[SourceDate "2004.11.15"]
[SourceVersion "1"]
[SourceVersionDate "2004.11.15"]
[SourceQuality "1"]

1. e4 e5 2. Nf3 Nc6 3. d4 exd4 4. Nxd4 d6 5. Nxc6 bxc6 6. Bc4 Be6 7. Bxe6 fxe6 8. Qh5+ g6 9. Qg4 Qd7 10. 0-0 Nf6 11. Qe2 Bg7 12. Nc3 0-0 13. Bg5 Rae8 14. Rad1 Qf7 15. f4 Kh8 16. e5 Nd5 17. Ne4 dxe5 18. fxe5 Qg8 19. c4 Rxf1+ 20. Rxf1 Rf8 21. cxd5 Rxf1+ 22. Qxf1 Bxe5 23. Bf6+ Bxf6 24. Qxf6+ Qg7 25. dxe6 Kg8 26. e7 Qxf6 27. Nxf6+ Kf7 28. e8Q+ Kxf6 29. Qxc6+ Kf5 30. Qxc7 h5 31. Qxa7 g5 32. Qc5+ Kg6 33. Qe5 h4 34. a4 Kh5 35. h3 Kg6 1-0